| 000 | 00357nam a2200133Ia 4500 | ||
|---|---|---|---|
| 008 | 240624s9999 xx 000 0 und d | ||
| 041 | _aeng | ||
| 082 | _a658.15 GAL | ||
| 100 | _aGALAVOTTI ILARIA | ||
| 245 | _aEXPERIENCE AND LEARNING IN CORPORATE ACQ | ||
| 260 |
_c2019 _aLondon _bPalgrave Macmillan |
||
| 300 | _axxiii, 338 p.; 23 cm. | ||
| 365 |
_cERU _b33 |
||
| 999 |
_c32218 _d32218 |
||